000 nam a22 7a 4500
999 _c29148
_d29147
003 OSt
005 20170607225450.0
008 170607b xxu||||| |||| 00| 0 eng d
020 _a9780894632563
040 _aMMU
_beng
_cMMU
_dMMU
050 _aHD61.R57 2005
245 _aRisk Assessment/
_cEtti G.Baranoff...[et al.].
250 _a1st ed.
260 _aUSA;
_bAICPCU,
_c2005.
300 _axii,
500 _aincludes index
650 _arisk assement
942 _2lcc
_cLOAN LOAN